<?xml version="1.0" encoding="UTF-8"?>
<record
    xmlns:xsi="http://www.w3.org/2001/XMLSchema-instance"
    xsi:schemaLocation="http://www.loc.gov/MARC21/slim http://www.loc.gov/standards/marcxml/schema/MARC21slim.xsd"
    xmlns="http://www.loc.gov/MARC21/slim">

  <leader>03348cam a2200445 i 4500</leader>
  <controlfield tag="001">22127591</controlfield>
  <controlfield tag="003">EG-ScBUE</controlfield>
  <controlfield tag="005">20240613100452.0</controlfield>
  <controlfield tag="008">210713t2025    stka   f b    001 0 eng d</controlfield>
  <datafield tag="020" ind1=" " ind2=" ">
    <subfield code="a">9780323881326</subfield>
  </datafield>
  <datafield tag="035" ind1=" " ind2=" ">
    <subfield code="a">(OCoLC)on1019998375</subfield>
  </datafield>
  <datafield tag="040" ind1=" " ind2=" ">
    <subfield code="a">NLM</subfield>
    <subfield code="b">eng</subfield>
    <subfield code="e">rda</subfield>
    <subfield code="c">NLM</subfield>
    <subfield code="d">BDX</subfield>
    <subfield code="d">UKOBU</subfield>
    <subfield code="d">ZRS</subfield>
    <subfield code="d">UKMGB</subfield>
    <subfield code="d">OCLCF</subfield>
    <subfield code="d">YDX</subfield>
    <subfield code="d">EQO</subfield>
    <subfield code="d">AU@</subfield>
    <subfield code="d">QGK</subfield>
    <subfield code="d">NJB</subfield>
    <subfield code="d">OCLCO</subfield>
    <subfield code="d">NLHHG</subfield>
    <subfield code="d">OCLCA</subfield>
    <subfield code="d">U@M</subfield>
    <subfield code="d">OCLCO</subfield>
    <subfield code="d">DLC</subfield>
    <subfield code="d">EG-ScBUE</subfield>
  </datafield>
  <datafield tag="082" ind1="0" ind2="4">
    <subfield code="2">22</subfield>
    <subfield code="a">616.80462</subfield>
    <subfield code="b">PHY</subfield>
  </datafield>
  <datafield tag="130" ind1="0" ind2=" ">
    <subfield code="a">Physical management in neurological conditions.</subfield>
  </datafield>
  <datafield tag="245" ind1="1" ind2="0">
    <subfield code="a">Physical management for neurological conditions /</subfield>
    <subfield code="c">edited by Sheila Lennon, Gita Ramdharry, Geert Verheyden.</subfield>
  </datafield>
  <datafield tag="250" ind1=" " ind2=" ">
    <subfield code="a">Fifth edition.</subfield>
  </datafield>
  <datafield tag="264" ind1=" " ind2="1">
    <subfield code="a">[Edinburgh?] :</subfield>
    <subfield code="b">Elsevier,</subfield>
    <subfield code="c">[2025]</subfield>
  </datafield>
  <datafield tag="264" ind1=" " ind2="4">
    <subfield code="c">c2025</subfield>
  </datafield>
  <datafield tag="300" ind1=" " ind2=" ">
    <subfield code="a">xiii, 714 pages :</subfield>
    <subfield code="b">illustrations ;</subfield>
    <subfield code="c">24 cm.</subfield>
  </datafield>
  <datafield tag="336" ind1=" " ind2=" ">
    <subfield code="a">text</subfield>
    <subfield code="b">txt</subfield>
    <subfield code="2">rdacontent</subfield>
  </datafield>
  <datafield tag="337" ind1=" " ind2=" ">
    <subfield code="a">unmediated</subfield>
    <subfield code="b">n</subfield>
    <subfield code="2">rdamedia</subfield>
  </datafield>
  <datafield tag="338" ind1=" " ind2=" ">
    <subfield code="a">volume</subfield>
    <subfield code="b">nc</subfield>
    <subfield code="2">rdacarrier</subfield>
  </datafield>
  <datafield tag="490" ind1="0" ind2=" ">
    <subfield code="a">Physiotherapy essentials</subfield>
  </datafield>
  <datafield tag="500" ind1=" " ind2=" ">
    <subfield code="a">Preceded by Physical management in neurological conditions / edited by Maria Stokes, Emma Stack. 3rd ed. 2011.</subfield>
  </datafield>
  <datafield tag="504" ind1=" " ind2=" ">
    <subfield code="a">Includes bibliographical references and index.</subfield>
  </datafield>
  <datafield tag="505" ind1="0" ind2=" ">
    <subfield code="a">Section 1. Background knowledge. 1. Guiding principles of neurological rehabilitation -- 2. Common impairments and the impact on activity -- 3. Observation and analysis of movement -- 4. Measurement tools -- 5. Goal setting in stroke rehabilitation -- 6. Respiratory management -- Section 2. Management of specific conditions. 7. Stroke -- 8. Traumatic brain injury -- 9. Spinal cord injury -- 10. Multiple sclerosis -- 11. Parkinson's -- 12. Inherited neurological conditions -- 13. Motor neuron disease -- 14. Polyneuropathies -- 15. Muscle disorders -- 16. Functional motor disorders -- Section 3. Specific aspects of management. 17. Self-management -- 18. Virtual rehabilitation: virtual reality and interactive gaming technologies in neurorehabilitation -- 19. Falls and their management -- 20. Physical activity and exercise -- 21. Vestibular rehabilitation -- 22. Pain management -- 23. Clinical neuropsychology in rehabilitation -- 24. Complex case management.</subfield>
  </datafield>
  <datafield tag="520" ind1=" " ind2=" ">
    <subfield code="a">"Following the success of the previous three editions, Physical Management for Neurological Conditions 4th edition remains the most up-to-date evidence-based textbook for undergraduate students in health professions and qualified therapists. Written by an international team of clinicians and researchers, it is applicable to a number of healthcare systems, with a special focus on physiotherapy. New chapters have been added to cover both common and rare conditions, such as Hereditary Disorders, Functional Motor disorders and Neuromuscular diseases."--Publisher's description.</subfield>
  </datafield>
  <datafield tag="650" ind1=" " ind2="7">
    <subfield code="a">Nervous system</subfield>
    <subfield code="x">Diseases</subfield>
    <subfield code="x">Physical therapy.</subfield>
    <subfield code="2">BUEsh</subfield>
  </datafield>
  <datafield tag="650" ind1=" " ind2="7">
    <subfield code="a">Nervous system</subfield>
    <subfield code="x">Diseases</subfield>
    <subfield code="x">Patients</subfield>
    <subfield code="x">Rehabilitation.</subfield>
    <subfield code="2">BUEsh</subfield>
  </datafield>
  <datafield tag="650" ind1=" " ind2="7">
    <subfield code="a">Physical therapy.</subfield>
    <subfield code="2">BUEsh</subfield>
  </datafield>
  <datafield tag="653" ind1=" " ind2=" ">
    <subfield code="c">June2024</subfield>
    <subfield code="b">PT</subfield>
  </datafield>
  <datafield tag="655" ind1=" " ind2=" ">
    <subfield code="v">Reading book</subfield>
  </datafield>
  <datafield tag="700" ind1="1" ind2=" ">
    <subfield code="a">Lennon, Sheila,</subfield>
    <subfield code="e">editor.</subfield>
  </datafield>
  <datafield tag="700" ind1="1" ind2=" ">
    <subfield code="a">Ramdharry, Gita,</subfield>
    <subfield code="e">editor.</subfield>
  </datafield>
  <datafield tag="700" ind1="1" ind2=" ">
    <subfield code="a">Verheyden, Geert,</subfield>
    <subfield code="e">editor.</subfield>
  </datafield>
  <datafield tag="776" ind1="0" ind2="8">
    <subfield code="i">ebook version :</subfield>
    <subfield code="z">9780702077234</subfield>
  </datafield>
  <datafield tag="906" ind1=" " ind2=" ">
    <subfield code="a">7</subfield>
    <subfield code="b">cbc</subfield>
    <subfield code="c">pccadap</subfield>
    <subfield code="d">2</subfield>
    <subfield code="e">ncip</subfield>
    <subfield code="f">20</subfield>
    <subfield code="g">y-gencatlg</subfield>
  </datafield>
  <datafield tag="942" ind1=" " ind2=" ">
    <subfield code="2">ddc</subfield>
    <subfield code="c">BB</subfield>
  </datafield>
  <datafield tag="999" ind1=" " ind2=" ">
    <subfield code="c">30781</subfield>
    <subfield code="d">30752</subfield>
  </datafield>
  <datafield tag="952" ind1=" " ind2=" ">
    <subfield code="0">0</subfield>
    <subfield code="1">0</subfield>
    <subfield code="2">ddc</subfield>
    <subfield code="4">0</subfield>
    <subfield code="7">0</subfield>
    <subfield code="8">Baccah</subfield>
    <subfield code="a">MAIN</subfield>
    <subfield code="b">MAIN</subfield>
    <subfield code="c">1ST</subfield>
    <subfield code="d">2024-06-13</subfield>
    <subfield code="e">Purchase</subfield>
    <subfield code="g">2547.00</subfield>
    <subfield code="h">38282</subfield>
    <subfield code="l">0</subfield>
    <subfield code="o">616.80462 PHY</subfield>
    <subfield code="p">000057135</subfield>
    <subfield code="r">2025-07-15 00:00:00</subfield>
    <subfield code="v">3184.00</subfield>
    <subfield code="w">2024-06-13</subfield>
    <subfield code="y">BB</subfield>
  </datafield>
</record>
